00466nam a2200145Ia 4500008004100000020001800041050002000059100003000079245006500109250001000174260003000184300001100214500005600225650003900281120721s9999 xx 000 0 und d a970-07-5240-2 aHF1281 C46 2004 aCervantes Ahumada, Raúl aDerecho mercantil : primero curso / Raúl Cervantes Ahumada a3a ed aMéxico : Porrúa, 2004 a688 p. aIncluye ejemplos de polizas de seguros desplegables a1. Derecho mercantil - MéxicoÌ